Picture from Every Country in the World - Statistics

General Stats
  • This quiz has been taken 114 times
  • The average score is 49 of 196
Answer Stats
Picture Answer % Correct
United States
81%
Australia
73%
Italy
73%
Brazil
69%
Malaysia
69%
Mexico
69%
France
65%
Chile
62%
Greece
62%
Russia
62%
Egypt
58%
India
58%
Peru
58%
Saudi Arabia
58%
Spain
58%
Belgium
54%
China
54%
Denmark
54%
Jordan
54%
United Kingdom
54%
Germany
50%
Japan
50%
United Arab Emirates
50%
Vatican City
50%
Argentina
46%
Austria
46%
Bhutan
46%
Canada
46%
Hungary
46%
Ireland
46%
Mali
46%
Myanmar
46%
Belize
42%
Maldives
42%
Nepal
42%
Panama
42%
Tanzania
42%
Armenia
38%
Bahamas
38%
Cambodia
38%
Croatia
38%
Israel
38%
Madagascar
38%
Monaco
38%
San Marino
38%
Singapore
38%
Afghanistan
35%
Albania
35%
Bahrain
35%
Guatemala
35%
Jamaica
35%
Morocco
35%
Norway
35%
Poland
35%
Portugal
35%
Uganda
35%
Venezuela
35%
Yemen
35%
Zambia
35%
Algeria
31%
Bosnia and Herzegovina
31%
Brunei
31%
Czech Republic
31%
Taiwan
31%
Azerbaijan
27%
Djibouti
27%
Kuwait
27%
Liechtenstein
27%
Nauru
27%
Netherlands
27%
Switzerland
27%
Turkmenistan
27%
Andorra
23%
Bangladesh
23%
Barbados
23%
Belarus
23%
Colombia
23%
Cuba
23%
Ethiopia
23%
Fiji
23%
Finland
23%
Iceland
23%
Indonesia
23%
Laos
23%
Lithuania
23%
Montenegro
23%
New Zealand
23%
Romania
23%
Senegal
23%
Zimbabwe
23%
Antigua and Barbuda
19%
Bolivia
19%
Bulgaria
19%
Burkina Faso
19%
Burundi
19%
Cameroon
19%
Cyprus
19%
Ecuador
19%
El Salvador
19%
Estonia
19%
Lebanon
19%
Mauritania
19%
Niger
19%
Oman
19%
Pakistan
19%
Turkey
19%
Angola
15%
Botswana
15%
Dominican Republic
15%
Eswatini
15%
Honduras
15%
Ivory Coast
15%
Kazakhstan
15%
Kiribati
15%
Latvia
15%
Luxembourg
15%
Malawi
15%
Mongolia
15%
Nigeria
15%
North Korea
15%
Paraguay
15%
Rwanda
15%
Saint Lucia
15%
Sao Tome and Principe
15%
Serbia
15%
Thailand
15%
Tunisia
15%
Ukraine
15%
Vietnam
15%
Benin
12%
Comoros
12%
Costa Rica
12%
Democratic Republic of the Congo
12%
Dominica
12%
East Timor
12%
Eritrea
12%
Gabon
12%
Georgia
12%
Ghana
12%
Grenada
12%
Guinea
12%
Guinea-Bissau
12%
Haiti
12%
Kyrgyzstan
12%
Lesotho
12%
Libya
12%
Malta
12%
Moldova
12%
Mozambique
12%
Namibia
12%
Nicaragua
12%
Papua New Guinea
12%
Philippines
12%
Qatar
12%
Saint Vincent and the Grenadines
12%
Slovakia
12%
Somalia
12%
South Korea
12%
South Sudan
12%
Uruguay
12%
Cape Verde
8%
Central African Republic
8%
Equatorial Guinea
8%
Federated States of Micronesia
8%
Gambia
8%
Guyana
8%
Iran
8%
Iraq
8%
Kenya
8%
Kosovo
8%
Liberia
8%
Marshall Islands
8%
Mauritius
8%
North Macedonia
8%
Palau
8%
Republic of the Congo
8%
Saint Kitts and Nevis
8%
Samoa
8%
Seychelles
8%
Slovenia
8%
South Africa
8%
Sri Lanka
8%
Sudan
8%
Suriname
8%
Sweden
8%
Trinidad and Tobago
8%
Tuvalu
8%
Vanuatu
8%
Chad
4%
Solomon Islands
4%
Tajikistan
4%
Tonga
4%
Uzbekistan
4%
Sierra Leone
0%
Syria
0%
Togo
0%
No matching quizzes found
Score Distribution
Percent of People with Each Score
Percentile by Number Answered
Your Score History
You have not taken this quiz